| 000 | 00840nam a2200217 4500 | ||
|---|---|---|---|
| 001 | 148099 | ||
| 003 | ES-MaACL | ||
| 007 | t| | ||
| 008 | 070214s1985 sp r ||||1| spa d | ||
| 100 | 1 |
_aStirling, James. _9108233 |
|
| 245 | 1 | 0 |
_aJames Stirling, Michael Wilford y asociados _b: obras y proyectos / _cJames Stirling, Michael Wilford y asociados ; introducción por Colin Rowe ; Peter Arnell y Ted Bickford, eds. ; traducción castellana de Jaume Freixa y Santiago Castán. |
| 260 |
_aBarcelona : _bGustavo Gili, _c1985. |
||
| 300 |
_a346 p., 2 h. de lám. : _bil. ; _c29 cm. |
||
| 700 | 1 |
_aWilford, Michael. _9116838 |
|
| 700 | 1 |
_aRowe, Colin. _9100175 |
|
| 700 | 1 |
_aArnell, Peter. _923086 |
|
| 700 | 1 |
_aBickford, Ted. _928783 |
|
| 700 | 1 |
_aFreixa, Jaume. _952473 |
|
| 700 | 1 |
_aCastán, Santiago. _936387 |
|
| 852 |
_aES-MaACL _jL-9762 |
||
| 999 |
_c148099 _d148099 |
||